000 00805cam a22002771 4500
999 _c8862
_d8862
001 8862
003 BD-JhCC
005 20180714175243.0
008 730104s1959 nyua 000 0 eng
020 _a0029789907
035 _a(BD-JhCC)8862
040 _aDLC
_cODaWU
_dOCoLC
_dUk
_dDLC
_dBD-JhCC
041 _aeng
050 0 0 _aQA276
_b.H59
082 _a519.9
_bHOG 1959
100 1 _aHogg, Robert V.
245 1 0 _aIntroduction to mathematical statistics /
_c[by] Robert V. Hogg & Allen T. Craig.
250 _a4th ed.
260 _aNew York,
_bMacmillan,
_c[1959]
300 _a245 p.
_billus.
_c24 cm.
440 2 _aA Series of mathematics texts
650 0 _aMathematical statistics.
700 1 _aCraig, Allen T.
_q(Allen Thornton),
_d1905-
942 _2ddc
_cBK